E-commerce : business, technology, society (Record no. 29287)

MARC details
000 -LEADER
fixed length control field 00555nam a2200181Ia 4500
020 ## - INTERNATIONAL STANDARD BOOK NUMBER
ISBN 9780135027141, 0135027144
050 ## - CALL MARK
Classification number HF 5548 .32 .L38/
100 ## - STATEMENT OF RESPONSIBILITY--MAIN AUTHOR NAME
Personal name Laudon, Kenneth C.
245 #0 - TITLE STATEMENT
Title E-commerce : business, technology, society
250 ## - EDITION / VOLUME STATEMENT
Edition / Volume statement 5th ed.
260 ## - PUBLICATION, DISTRIBUTION, ETC. (IMPRINT)
Place of publication Upper Saddle River, N.J.
260 ## - PUBLICATION, DISTRIBUTION, ETC. (IMPRINT)
Name of publisher Prentice Hall
260 ## - PUBLICATION, DISTRIBUTION, ETC. (IMPRINT)
Year of publication 2009
650 ## - SUBJECT ADDED ENTRY--TOPICAL TERM
Topical Term Electronic commerce Internet marketing Electronic commerce_Social aspects Information technology
942 ## - ADDED ENTRY ELEMENTS (KOHA)
Koha item type Books
Holdings
Withdrawn status Lost status Source of classification or shelving scheme Damaged status Not for loan Permanent Location Current Location Date acquired Accession Number Price effective from Koha item type
    Library of Congress Classification     NILE UNIVERSITY OF NIGERIA - MAIN LIBRARY NILE UNIVERSITY OF NIGERIA - MAIN LIBRARY 04/23/2025 0003683 04/23/2025 Books